000 00808nam a22002537a 4500
005 20180803165610.0
008 141107s2003 ec a gr 00010 spa d
020 _a9978222987
022 _a13901222
041 _aspa
044 _aec
082 0 4 _a577.38
_bP13
245 0 0 _aPáramos y bosques andinos /
_c transcripción por Lucila Rocha, Editado Patricio Mena Vásconez
260 3 _aQuito :
_bEdiciones Abya-Yala,
_c2003.
300 _a60 p. :
_c21 cm.
490 _aPáramo
_v13
504 _aIncluye bibliografías.
650 6 _aPáramos.
_992513
650 6 _aEcología de páramos
_z Ecuador.
_928422
650 _aEcosistemas
_z Ecuador.
_928423
700 1 _aMena-Vásconez, Patricio,
_eed.
_93165
710 2 _aGrupo de Trabajo en Páramos del Ecuador (GTP)
_99447
942 _2ddc
_cLIBRO
999 _c8758
_d8758